| 000 | 00670nam a2200145Ia 4500 | ||
|---|---|---|---|
| 008 | 100122s9999 xx 000 0 und d | ||
| 082 |
_b30085 _a294.5924 |
||
| 100 | _aधोंड म वा | ||
| 245 | _aज्ञानेश्वरी : स्वरुप तत्वज्ञान आणि काव्य | ||
| 260 |
_bमॅजेस्टिक प्रकाशन _c1980 |
||
| 300 | _a116 | ||
| 630 | _aज्ञानेश्वरी : स्वरुप तत्वज्ञान आणि काव्य | ||
| 730 | _aज्ञानेश्वरी : स्वरुप तत्वज्ञान आणि काव्य | ||
| 942 | _cBOOK | ||
| 999 |
_c415131 _d415128 |
||